000 00320nam a22001217a 4500
003 SGT
082 _a370
_bJAI
100 _aJAIN, DR. K.C.
245 _aप्राथमिक स्तर पर अध्यापक के कार्य
260 _aDELHI
_bLUXMI PUB
_c2015
300 _a201
942 _2ddc
_cBK
999 _c17563
_d17563